| 000 | 00940nam a2200277 i 4500 | ||
|---|---|---|---|
| 001 | 5907 | ||
| 003 | ES-MaACL | ||
| 005 | 20240306142521.0 | ||
| 007 | t| | ||
| 008 | 890614s1987 fr ||||1| fre d | ||
| 020 | _a2-86432-063-0 | ||
| 080 | _a1 Heidegger | ||
| 080 | _a321.64:335.76(43) | ||
| 080 | _a335.76(43):321.64 | ||
| 100 | 1 |
_aFarías, Víctor. _948855 |
|
| 245 | 1 | 0 |
_aHeidegger et le nazisme / _cVictor Farias ; traduit de l'espagnol et d'allemand par Myriam Benarroch et Jean-Baptiste Grasset ; preface de Christian Jambet. |
| 260 |
_aLagrasse : _bVerdier, _c1987. |
||
| 300 |
_a335 p. ; _c22 cm. |
||
| 600 | 1 | 4 |
_aHeidegger, Martin- _xCrítica e interpretación. _962339 |
| 650 | 4 |
_aNacionalsocialismo _915470 |
|
| 700 | 1 |
_aBenarroch, Myriam. _927430 |
|
| 700 | 1 |
_aGrasset, Jean-Baptiste. _959701 |
|
| 700 | 1 |
_aJambet, Christian. _965957 |
|
| 852 |
_aES-MaACL _jL-13080 _bR.115867 _z. - rust. |
||
| 999 |
_c5907 _d5907 |
||